| 000 | 00908nas a2200289 4500 | ||
|---|---|---|---|
| 001 | BR2014002835 | ||
| 003 | BR-BrBNA | ||
| 005 | 20231205123954.0 | ||
| 007 | ta | ||
| 008 | 230509b bl.|||p| |||| 00| 00por d | ||
| 040 |
_aBR-BrBNA _bpor _cBiblioteca Nacional de Agricultura |
||
| 041 | _a(Pt) | ||
| 072 | _aF61; F30 | ||
| 100 | 1 | _aThume, M.A. | |
| 100 | 1 | _aDias, L.E. | |
| 100 | 1 | _aSilveira, M.A. da | |
| 100 | 1 | _aAssis, I.R. de | |
| 245 | 1 | _aNíveis críticos foliares de nutrientes de três cultivares de batata-doce, selecionados para a produção de etanol | |
| 650 | _aBATATA DOCE | ||
| 650 | _aNUTRIENTE MINERAL | ||
| 650 | _aADUBAÇÃO | ||
| 650 | _aPRODUÇÃO | ||
| 650 | _aMELHORAMENTO GENÉTICO VEGETAL | ||
| 773 | 0 |
_tRevista Ceres (Brazil) _xISSN 0034-737X _g(Nov-Dec 2013), v. 60(6) p. 863-875 _wBR2014002835 |
|
| 909 |
_a202311 _bLúcia _c55 _dLúcia Elande |
||
| 942 |
_2AGRIS _n0 _cANA |
||
| 999 |
_c236689 _d236689 |
||